Дело о подписании господином министром народного просвещения четырех дипломов на звание почетных членов Московского публичного и...

Доступно только в Электронных читальных залах Найти на картеНа карте
RUSMARC
00003788nmc2a22000003x 450
001e1f042ec-202a-40ef-9323-8c8ef35dbc7b
00520180619140323.0
100##$a20160322l18671874k l0rusy0189 ca
1010#$arus
102##$aRU
2001#$aДело о подписании господином министром народного просвещения четырех дипломов на звание почетных членов Московского публичного и Румянцевского музеев
$j23 марта 1867 г. - 7 февраля 1874 г.
251##$cДело
300##$aДело
801#0$aRU
$bРГИА
$c20160322
$gRCR
801#1$aRU
$bГлавНИВЦ
$c20160322
$2rusmarc
801#2$aRU
$bПБ им. Б.Н. Ельцина
$c20180619
$gRCR
$2rusmarc
850##$aРГИА
852##$aРГИА
$eФедеральное казенное учреждение "Российский государственный исторический архив" (РГИА)
$j335
937##$hРГИА
$d12193989
$aASBIBLIO_SCAN
462#0$1001bddc07d4-03e3-4f2f-a715-f0b0b4a2fdca
$12001
$aДела по ученым учреждениям Департамента народного просвещения за 1863-1895 гг.
$1251
$cОпись
$1852
$j142
461#0$1001a74412a3-3cc5-4d21-8f0a-dfe2fbd9e72d
$12001
$aДепартамент народного просвещения Министерства народного просвещения (1803-1917)
$1251
$cФонд
$1852
$j733
215##$a26 л.
$d36,5х26 см
371##$aДокумент не является опубликованным и широко распространяемым
105##$ay###
1222#$ad
035##$ae1f042ec-202a-40ef-9323-8c8ef35dbc7b
856##$uhttp://readingroom.main.prlib.ru/item.aspx?id_node=n116208342&mode=full
Формат отображения